000
00246nam a2200097Ia 4500
001
806721
005
20250826171217.0
008
250824s9999 xx 000 0 und d
245
0
_a
SENSİZ BİR İLKBAHAR
_c
AGATHA CHRISTIE
260
_b
ALTIN YAYINLARI
999
_c
806721
_d
806721